Fracaso escolar; el éxito prohibido /
Guardado en:
| Autor Principal: | |
|---|---|
| Otros Autores: | |
| Formato: | Libro |
| Publicado: |
Buenos Aires :
Aique,
1997
|
| Materias: | |
| Etiquetas: |
Agregar Etiqueta
Sin Etiquetas, Sea el primero en etiquetar este registro!
|
| LEADER | 00680nam a22002055a 4500 | ||
|---|---|---|---|
| 001 | CEM.cems010831 | ||
| 005 | 20070305190207.0 | ||
| 008 | 130507s1997##################000#0#####d | ||
| 003 | CEMS | ||
| 082 | 0 | 4 | |a 371.28 |
| 100 | 1 | |a Oyola, Carlos A. | |
| 245 | 1 | 0 | |a Fracaso escolar; el éxito prohibido / |c Carlos A. Oyola |
| 260 | |a Buenos Aires : |b Aique, |c 1997 | ||
| 300 | |a 239 p. | ||
| 505 | 0 | |a Una investigación sobre fracaso escolar en reas urbano-marginales.- | |
| 653 | |a Biblioteca maría de los angeles saggio | ||
| 653 | |a Educación | ||
| 653 | |a Fracaso escolar | ||
| 700 | 1 | |a Barila, María I. / Gennari, Stella M. | |
| 859 | |a CEMS |b BIB. CEMS - 11 de abril |h 371.28 |i Oy8 |p 21570.01 |t Ej.1 | ||
